Sử thi thần thoại M'nông
Spremljeno u:
| Format: | Knjiga |
|---|---|
| Izdano: |
H
Văn hóa dân tộc
2012
|
| Oznake: |
Dodaj oznaku
Bez oznaka, Budi prvi tko označuje ovaj zapis!
|
| Thư viện lưu trữ: | Mạng thư viện Đại học Đà Nẵng |
|---|
| LEADER | 00604nam a2200205 4500 | ||
|---|---|---|---|
| 001 | 000016238 | ||
| 003 | 12636 | ||
| 005 | 20150812150859.0 | ||
| 008 | 120727s2012 sd | ||
| 245 | 0 | 0 | |a Sử thi thần thoại M'nông |c Đỗ Hồng Kỳ, Điểu Khâu sưu tầm |
| 260 | |a H |b Văn hóa dân tộc |c 2012 | ||
| 774 | |d H. |d Nxb Văn hóa dân gian |d 2010 |g T. 1 |h 855 tr. |w 12638 | ||
| OWN | |a LSP | ||
| 999 | |a From the UDN01 | ||
| TYP | |a Monograph | ||
| TYP | |a Printed language | ||
| 980 | |a Mạng thư viện Đại học Đà Nẵng | ||